Online
Catalog

Gulliver's travels : (Record no. 4182)

MARC details
000 -CABECERA
campo de control de longitud fija 00697cam a2200193 a 4500
001 - NÚMERO DE CONTROL
campo de control 000004373
005 - FECHA Y HORA DE LA ÚLTIMA TRANSACCIÓN
campo de control 20200929151431.0
008 - DATOS DE LONGITUD FIJA--INFORMACIÓN GENERAL
campo de control de longitud fija 041015s1954 enka 000 f eng d
040 ## - FUENTE DE LA CATALOGACIÓN
Centro catalogador/agencia de origen DO-SdBNP
Lengua de catalogación spa
Centro/agencia transcriptor BNPHU
082 ## - NÚMERO DE LA CLASIFICACIÓN DECIMAL DEWEY
Número de clasificación 823.5
Número de documento/Ítem S977g
049 ## - FONDOS LOCALES (OCLC)
Fondos de biblioteca BNGR
100 1# - ENTRADA PRINCIPAL--NOMBRE DE PERSONA
Nombre de persona Swift, Jonathan,
Fechas asociadas al nombre 1667-1745
9 (RLIN) 12023
245 10 - MENCIÓN DE TÍTULO
Título Gulliver's travels :
Resto del título into several remote nations of the world /
Mención de responsabilidad, etc. Jonathan Swift ; ilustración de Arthur Rackham.
260 ## - PUBLICACIÓN, DISTRIBUCIÓN, ETC.
Lugar de publicación, distribución, etc. Londres :
Nombre del editor, distribuidor, etc. J. M. Dent & Sons Ltd;
Lugar de publicación, distribución, etc. New York :
Nombre del editor, distribuidor, etc. E. P. Dutton & Co. Inc.,
Fecha de publicación, distribución, etc. 1954.
300 ## - DESCRIPCIÓN FÍSICA
Extensión xiii, 210 p. :
Otras características físicas il. ;
Dimensiones 20 cm.
650 #4 - PUNTO DE ACCESO ADICIONAL DE MATERIA--TÉRMINO DE MATERIA
Término de materia o nombre geográfico como elemento de entrada Novela irlandesa
9 (RLIN) 11511
650 #4 - PUNTO DE ACCESO ADICIONAL DE MATERIA--TÉRMINO DE MATERIA
Término de materia o nombre geográfico como elemento de entrada Literatura irlandesa
9 (RLIN) 11512
700 1# - PUNTO DE ACCESO ADICIONAL--NOMBRE DE PERSONA
Nombre de persona Rackham, Arthur,
Término indicativo de función/relación ill.
9 (RLIN) 12879
Holdings
Estado de retiro Estado de pérdida Restricciones de uso No para préstamo Código de colección Localización permanente Ubicación/localización actual Ubicación en estantería Fecha de adquisición Número de inventario Total de préstamos Signatura topográfica completa Código de barras Fecha visto por última vez Precio válido a partir de Tipo de ítem Koha Número de copia
        Monografías: Libros y Folletos General General Depósito 21.07.2009 LF1   823.5 S977g 4373-20 25.06.2020 25.06.2020 Préstamo en sala  
    Préstamo restringido Préstamo restrigido Monografías: Libros y Folletos General General Depósito 21.07.2009 LF1   823.5 S977g 4373-30 25.06.2020 25.06.2020 Préstamo en sala e. 2

Powered by Koha